Derecho comunitario: sistemas de integración régimen del Mercosur
Saved in:
| Main Authors: | , , |
|---|---|
| 格式: | 圖書 |
| 語言: | 西班牙语 |
| 出版: |
Buenos Aires
Ciudad Argentina
1995
|
| 主題: | |
| 標簽: |
添加標簽
沒有標簽, 成為第一個標記此記錄!
|
MARC
| LEADER | 00000nam a2200000 a 4500 | ||
|---|---|---|---|
| 001 | UCL9018 | ||
| 003 | CL-VaPUC | ||
| 008 | 040716e19950000AG |||||||||||||||||spa|d | ||
| 020 | |a 9509385344 | ||
| 082 | 0 | 4 | |a 341.753 |b DRO |2 21 |
| 100 | 0 | |a Dromi, José Roberto |e author |9 486906 | |
| 700 | 0 | |a Ekmekdjian, Miguel Angel |e author |9 486907 | |
| 700 | 0 | |a Rivera, Julio C |e author |9 486908 | |
| 245 | 1 | 0 | |a Derecho comunitario: sistemas de integración régimen del Mercosur |
| 300 | |a 671 p | ||
| 942 | |c BK | ||
| 945 | |d 20040716 00:00:00 |a cmena | ||
| 260 | |a Buenos Aires |b Ciudad Argentina |c 1995 | ||
| 600 | 0 | 7 | |a MERCOSUR |2 CL-VaPUC |9 330918 |
| 650 | 0 | |a Economía internacional |9 258254 | |
| 650 | 7 | |a COMERCIO INTERNACIONAL |2 CL-VaPUC |9 486909 | |
| 650 | 0 | |a DERECHO COMUNITARIO |9 381957 | |
| 650 | 0 | |a Tratados internacionales |9 256056 | |
| 650 | 0 | |a Integración económica |9 255024 | |
| 583 | |a last modification |c 20040716 00:00:00 |k Rodrigo Vera | ||
| 999 | |c 310018 |d 310016 | ||
| 952 | |0 0 |1 0 |4 0 |6 341_753000000000000_DRO_1995 |7 0 |8 A |9 378034 |a BIBDER |b BIBDER |d 2019-11-21 |i 4036174 |o 341.753 DRO 1995 |p 4036174 |r 2023-01-25 |w 2019-11-21 |y BK |k DER | ||